| 000 | 00671nam a22002057a 4500 | ||
|---|---|---|---|
| 003 | OSt | ||
| 005 | 20250808023416.0 | ||
| 008 | 240516b |||||||| |||| 00| 0 eng d | ||
| 020 | _a9786210446661 | ||
| 040 |
_aDWC-Mian lib _cOC |
||
| 082 | _aFil. 005.5 R621s 2023 | ||
| 100 | _aRivero, John Paolo R. | ||
| 245 |
_aStatistical analysis with software applications / _cJohn Paolo R. Rivero |
||
| 250 | _aFirst edition. | ||
| 260 |
_aManila, Philippines : _bRex book store, _cc2023. |
||
| 300 |
_axix, 323 pages : _billustrations ; _c26cm. |
||
| 504 | _aIncludes appendices and index. | ||
| 650 | _a1. Statistical software. | ||
| 942 |
_2ddc _cBK - FIL _n0 _eFirst edition _kFil. |
||
| 999 |
_c33 _d33 |
||